000 01642nam0a22003731 4500
001 RU\INFOCOMM_322\5000058479
005 20250613102232.0
035 _a(NLR Aleph) 009435093
090 _a8308612
_c8308612
100 _a20121114d1989 |||y0rusy50 ca
101 0 _aeng
_drus
102 _aRU
105 _ay z |||||
200 1 _aˆThe ‰hydrogen and deuterium atoms fluxes during ICR heating on hydrogen minority in tuman-3 plasma
_fV. I. Afanasjev, V. V. Djachenko, A. B. Izvozchikov et al.
210 _aL.
_cФТИ
_d1989
215 _a12 с.
_cграф.
_d20 см
225 1 _aPreprint
_fA. F. Ioffe phys.-techn. inst. of the Acad. of sciences of the USSR
_v1362
300 _aНа обороте тит. л.: Потоки атомов водорода и дейтерия при ИЦР нагреве на малой добавке водорода в плазме тумана-3 / В. И. Афанасьев, и др.
300 _aНа обл. надзаг. на рус. яз.
300 _aРез. на рус. яз.
320 _aБиблиогр.: с. 6
606 _aПлазма (физ.)
_xНагрев ионноциклотронный в магнитных ловушках "Токамак"
_2nlr_sh1
620 _aСанкт-Петербург
686 _aВ333.432
_2rubbk
701 1 _9z01790
_aAfanas'ev
_bV. I
701 1 _9z02790
_aD'yachenko
_bV. V.
701 1 _aIzvozchikov
_bA. B.
790 1 _9z01701
_aAfanasjev
_bV. I.
_4070
790 1 _9z02701
_aDjachenko
_bV. V.
_4070
801 1 _aRU
_bNLR
_c20121114
801 0 _aRU
_bINFOCOMM
_gPSBO
852 _aNLR
_jФз01 Д-4/5499
942 _cBOOK
980 _aNB